Understanding economics today /

Salvato in:
Dettagli Bibliografici
Autori principali: Walton, Gary M (Autore), Wykoff, Frank C (Autore)
Natura: Libro
Lingua:inglese
Pubblicazione: Homewood : IRWIN, 1989
Edizione:2.vyd.
Soggetti:
Tags: Aggiungi Tag
Nessun Tag, puoi essere il primo ad aggiungerne!!

MARC

LEADER 00000nam a22000003a 4500
001 stu4492
005 20150617225810.2
008 930820s1989----xxu-----------------eng-d
020 |a 0-256-06799-6 
040 |a STU  |b slo 
041 0 |a eng 
044 |a xxu 
080 |a 330.1  |7 stu_us_auth*stu8076 
100 1 |a Walton, Gary M  |4 aut 
245 1 |a Understanding economics today /  |c [aut.] Walton,Gary M.; Wykoff,Frank C 
250 |a 2.vyd. 
260 |a Homewood :  |b IRWIN,  |c 1989 
300 |a 410 s 
650 7 |a ekonomika  |2 stusub 
700 1 |a Wykoff, Frank C  |4 aut 
996 |b E78223  |c R*78223  |l RRUM  |s A  |a 24  |w stu4492_0001